Loading...
| Fine Arts - Visual | 0 | 6 | 1 | 0 | 55 | 103 | 120.67 | 1 | 6 | 0.00 | 0.00 |
| Literature - American | 0 | 4 | 0 | 1 | 40 | 109 | 122.25 | 0 | 4 | 0.00 | 0.00 |
| 0 | 4 | 1 | 1 | 35 | 73 | 117.00 | 2 | 4 | 0.00 | 0.00 | |
| History - World | 0 | 3 | 0 | 0 | 30 | 96 | 112.67 | 1 | 3 | 0.00 | 0.00 |
| Other Arts: Visual | 0 | 3 | 0 | 0 | 30 | 75 | 104.67 | 1 | 3 | 0.00 | 0.00 |
| Beliefs | 0 | 3 | 1 | 2 | 25 | 139 | 145.33 | 0 | 3 | 0.00 | 0.00 |
| History - American | 0 | 3 | 1 | 0 | 25 | 103 | 124.67 | 1 | 2 | 0.00 | 0.00 |
| Science - Biology | 0 | 2 | 0 | 1 | 20 | 133 | 137.00 | 1 | 2 | 0.00 | 0.00 |
| British and Commonwealth History | 0 | 2 | 0 | 1 | 20 | 123 | 126.50 | 0 | 1 | 0.00 | 0.00 |
| Literature - British | 0 | 2 | 0 | 0 | 20 | 100 | 120.50 | 1 | 2 | 0.00 | 0.00 |
| Literature - European | 0 | 2 | 0 | 1 | 20 | 139 | 143.00 | 0 | 1 | 0.00 | 0.00 |
| History - European | 0 | 2 | 1 | 0 | 15 | 80 | 87.00 | 1 | 2 | 0.00 | 0.00 |
| Current Events | 0 | 1 | 0 | 0 | 10 | 150 | 150.00 | 0 | 0 | 0.00 | 0.00 |
| Social Science | 0 | 1 | 0 | 0 | 10 | 122 | 122.00 | 0 | 0 | 0.00 | 0.00 |
| World and Other Literature | 0 | 1 | 0 | 0 | 10 | 106 | 106.00 | 0 | 1 | 0.00 | 0.00 |
| Geography | 0 | 1 | 0 | 0 | 10 | 134 | 134.00 | 0 | 1 | 0.00 | 0.00 |
| Philosophy | 0 | 0 | 0 | 0 | 0 | 0.00 | 0 | 0 | 0.00 | 0.00 | |
| Other Academic | 0 | 0 | 1 | 0 | -5 | 0.00 | 0 | 0 | 0.00 | 0.00 |